| 000 | 00924nam0a22002771 4500 | ||
|---|---|---|---|
| 001 | rc\3012136 | ||
| 005 | 20250806201043.0 | ||
| 035 | _a(NLR Aleph) 007154605 | ||
| 090 |
_a5258 _c5258 |
||
| 100 | _a20041007d1941 u y0rusy50 ca | ||
| 101 | 0 | _arus | |
| 102 | _aRU | ||
| 105 | _aab z ||||y | ||
| 200 | 1 |
_aЛыжный туризм _fВ.А. Буханевич, А.В. Живаго, А.А. Малеинов |
|
| 210 |
_aМосква _cПрофиздат _d1941 |
||
| 215 |
_a96 с. _cил., карт. _d17 см |
||
| 700 | 1 |
_aБуханевич _bВ.А. _gВадим Аркадьевич |
|
| 701 | 1 |
_aЖиваго _bА.В. |
|
| 701 | 1 |
_aМалеинов _bА.А. _gАлексей Александрович |
|
| 801 | 0 |
_aRU _bNLR _gpsbo |
|
| 801 | 1 |
_aRU _bELAR _2rusmarc |
|
| 852 |
_aNLR _jГ20 Г-2/1 |
||
| 942 | _cBOOK | ||
| 945 | _aРоссийская национальная библиотека | ||
| 980 | _aNB | ||
| 980 | _aBV | ||